000 00537nam a2200145Ia 4500
005 20260209120129.0
008 260209s9999||||xx |||||||||||||| ||und||
100 _aNaveen Chugh
245 0 _aInternational taxation : a route for tax relaxation
260 _aBangaloreBangalore
_bNLSIU
_c2011
300 _a81 p. ; 25 cm.
650 _aDouble Taxation International Tax Law - India International Taxation
700 _aProf. (Dr.) N L Mitra - GuideProf. (Dr.) N L Mitra - Guide
856 _uhttps://dans.nls.ac.in/handle/123456789/1902
999 _c216977
_d216977